[Event "11th Mumbai Mayors Cup 2018"]
[Site "Mumbai"]
[Date "2018.06.03"]
[Round "1"]
[White "Kravtsiv, Martyn"]
[Black "Sauravh, Khherdekar"]
[Result "1-0"]
[WhiteElo "2662"]
[BlackElo "2244"]
[Annotator "TA"]
[PlyCount "88"]
[EventDate "2018.??.??"]
[EventType "swiss"]
[EventCountry "IND"]
[SourceTitle "playchess.com"]
[Source "ChessBase"]
[SourceQuality "1"]

{[%evp 11,88,20,8,-23,0,-2,5,18,22,18,28,23,41,41,43,37,76,72,75,32,123,89,95,94,91,66,150,109,136,122,116,115,117,96,151,144,150,152,143,134,145,132,151,144,162,143,146,149,141,139,275,241,346,361,360,355,355,355,354,351,412,414,518,516,477,461,454,393,380,380,371,329,627,625,584,572,705,687,651]} 1. e4 e6 2. d4 d5 3. Nd2 a6 4. Ngf3 c5 5. dxc5 (5. exd5 exd5 6. Be2 Nf6 7. O-O Be7 8. dxc5 Bxc5 9. Nb3 Bb6 10. Bf4 O-O 11. Nfd4 Re8 12. Re1 Nc6 13. c3 h6 14. Qc2 Qe7 15. Rad1 Bd7 16. Be3 Qd6 17. Nb5 axb5 18. Bxb6 Rxa2 {½-½ (35) Savchenko,B (2585)-Zvjaginsev,V (2639) Khanty-Mansiysk 2017}) 5... Bxc5 6. Nb3 {C07: Französische Verteidigung (Tarrasch-Variante)} Bb6 {LiveBook: 6 Partien} 7. e5 (7. exd5 {is more complex.} exd5 8. Bd3 Qe7+ 9. Qe2 Nc6 10. Qxe7+ Ngxe7 11. Be3) 7... Nc6 8. Bd3 {Die Stellung ist ausgeglichen.} Nge7 9. O-O Ng6 10. Re1 Bd7 $146 ({Vorgänger:} 10... O-O 11. Bg5 Qc7 12. Bxg6 fxg6 {½-½ (20) Mosadeghpour,M (2459)-Mousavi,S (2434) Teheran 2017}) 11. c3 {[%cal Bc2c3,Bc3c4][%mdl 32]} Qb8 {[%cal Rc6e5]} 12. Qe2 Bc7 {[%cal Rc6e5]} 13. Bxg6 $1 fxg6 14. Nc5 $36 {[%cal Bb3c5,Bc5e4,Be4d6][%mdl 2080] Weiss bestimmt, wo es lang geht.} Qc8 15. c4 {[#] Schwarz muss nun cxd5 beachten.} d4 ({Besser ist} 15... Bb6 $14 16. cxd5 (16. Nxd7 Qxd7 17. cxd5 Qxd5 $11) 16... Bxc5 17. dxc6 Bxc6) 16. Bf4 O-O 17. Bg3 Bb6 18. Ne4 Ne7 (18... Nb4 $1 $14) 19. Nd6 Qc7 20. b4 Bc6 21. Ng5 Qd7 22. c5 Bc7 (22... Ba7 $142) 23. Qc4 $16 Bd5 24. Qxd4 Nf5 25. Qd3 b6 26. Nh3 bxc5 27. bxc5 Ba5 28. Rec1 Nxg3 29. hxg3 {Sf4 ist eine echte Drohung.} Qc6 30. f3 Bb4 (30... Bxf3 $16 31. gxf3 Rxf3) 31. Qe3 Rac8 (31... Rad8 $142 32. Nf4 g5) 32. Nxc8 $18 Rxc8 33. Kh2 Bxc5 34. Qe2 Qe8 35. Rab1 ({Finger weg von} 35. Qxa6 Rc6 $18) 35... h6 36. Rc2 Ba7 37. Rxc8 Qxc8 38. Nf4 Qc4 39. Qxc4 Bxc4 {KTS-KL} 40. a4 g5 41. Rb7 Bd4 $2 {[#]} (41... Bf2 42. Nh5 Kf8 43. Rxg7 Bb3) 42. Rb4 {Weiß steht klar auf Gewinn.} gxf4 43. gxf4 Bxe5 44. Rxc4 Bd6 {Precision: Weiß = 80%, Schwarz = 39%.} 1-0

[Event "11th Mumbai Mayors Cup 2018"]
[Site "Mumbai"]
[Date "2018.06.03"]
[Round "1"]
[White "Amonatov, Farrukh"]
[Black "Ajay, Karthikeyan"]
[Result "1-0"]
[WhiteElo "2605"]
[BlackElo "2233"]
[Annotator "TA"]
[PlyCount "97"]
[EventDate "2018.??.??"]
[EventType "swiss"]
[EventCountry "IND"]
[SourceTitle "playchess.com"]
[Source "ChessBase"]
[SourceQuality "1"]

{[%evp 12,97,42,27,31,25,26,25,36,30,39,-5,0,4,10,-39,-22,-33,-33,-43,-17,-30,-18,-39,-26,-14,-13,-70,-63,-74,-66,-66,-64,-66,-72,-77,-52,-98,-55,-53,-56,-74,-29,-27,-20,-29,-33,-28,0,-13,0,0,49,0,0,0,0,0,0,0,0,0,0,0,0,0,0,0,0,-58,-43,-29,435,419,543,406,1235,1146,1365,1360,1366,1366,1349,1329,1314,1338,1256,1227]} 1. e4 c5 2. Nc3 Nc6 3. Bb5 Nd4 4. Nf3 Nxb5 5. Nxb5 g6 (5... a6 6. Nc3 d6 7. d4 cxd4 8. Qxd4 e5 9. Qd3 h6 10. Nd2 Nf6 11. Nc4 Be6 12. Ne3 Rc8 13. a4 Qb6 14. O-O Be7 15. Rd1 O-O 16. Bd2 Qd4 17. Be1 Qxd3 18. Rxd3 Rc5 19. f3 Rfc8 {½-½ (56) Rapport,R (2715)-Lagarde,M (2587) Karlsruhe 2018}) 6. d4 {B23: Sizilianisch (Geschlossenes System)} Bg7 7. c4 {LiveBook: 5 Partien} a6 8. Nc3 $146 {Weiß steht etwas besser.} ({Vorgänger:} 8. Qa4 cxd4 9. Bf4 axb5 10. Qxa8 bxc4 11. O-O d6 12. Qa4+ Bd7 13. Qxc4 {0-1 (61) Popovic,M (2408)-Neuman,P (2413) playchess.com INT 2006}) 8... cxd4 9. Nxd4 d6 10. O-O Nf6 11. Kh1 O-O 12. f3 Bd7 13. b3 {[#]} b5 $1 {[%mdl 512]} 14. cxb5 axb5 15. b4 Rc8 16. Qd3 Qc7 17. Ndxb5 Qc4 18. Qxc4 Rxc4 19. Rb1 (19. Bd2 $11) 19... Nxe4 $1 $15 20. fxe4 Bxc3 21. Nxc3 Rxc3 22. b5 Rb8 23. b6 Rc4 24. Bh6 Bc6 25. e5 dxe5 26. Be3 f5 (26... Rc2 {is more complex.} 27. Rf2 Rc3 28. Re2 f6 29. Kg1 Kf7) 27. Rfc1 Bd5 28. Rxc4 Bxc4 $11 {[%mdl 4096] Endspiel KTL-KTL} 29. a4 Kf7 30. g3 Ke6 31. a5 Bd5+ 32. Kg1 {[%mdl 1024] Schwarz muss nun a6 beachten. Weiss hat Kompensation.} Bb7 33. Ra1 {Droht stark a6.} Ba6 34. Rb1 Bb7 35. Kf2 Ba6 36. Ke1 Kd5 37. Kd2 Rd8 {zielt auf ...Ke4+ ab.} 38. Kc3 Rd7 39. Kb4 Ke4 40. Re1 (40. Bg5 $11) 40... Kf3 $1 $15 41. Kc5 Bb7 $2 {[%mdl 8192] [#]} (41... e4 $11 {und Schwarz ist OK.}) 42. Kb5 $1 $18 Rd3 {Und weiter mit ...Tb3+ wäre nett.} 43. a6 {[%cal Ba5a6,Ba6b7][%mdl 32]} Bd5 (43... Rb3+ $142 44. Kc4 Rxb6) 44. Bc5 {Weiß steht klar auf Gewinn.} e4 45. b7 Bxb7 46. axb7 Rd8 47. Bxe7 Rb8 48. Kc6 Kf2 49. Ra1 {Precision: Weiß = 65%, Schwarz = 46%.} 1-0

[Event "11th Mumbai Mayors Cup 2018"]
[Site "Mumbai"]
[Date "2018.06.03"]
[Round "1"]
[White "Mozharov, Mikhail"]
[Black "Aditya, Mittal"]
[Result "1/2-1/2"]
[WhiteElo "2558"]
[BlackElo "2208"]
[Annotator "TA"]
[PlyCount "128"]
[EventDate "2018.??.??"]
[EventType "swiss"]
[EventCountry "IND"]
[SourceTitle "playchess.com"]
[Source "ChessBase"]
[SourceQuality "1"]

{[%evp 21,128,25,25,-5,-6,0,8,0,45,28,14,22,24,16,18,-39,-33,-20,10,16,19,14,16,0,0,0,22,10,29,17,14,19,100,104,104,63,63,56,59,59,59,44,52,51,64,78,66,34,50,50,50,0,50,40,45,38,38,37,38,38,37,37,39,33,39,39,40,37,229,59,81,66,68,59,77,50,50,50,50,50,50,50,51,27,37,37,51,51,51,0,0,0,54,54,54,54,54,39,39,39,39,33,33,33,33,33,33,0,34]} 1. c4 e5 2. g3 Nf6 3. Bg2 d5 4. cxd5 Nxd5 5. Nf3 Nc6 6. O-O Nb6 7. Nc3 Be7 8. b3 O-O 9. Bb2 Be6 10. Rc1 {A29: English Opening: Four Knights Variation with 4 g3} (10. d4 exd4 11. Nb5 Bd5 12. Nbxd4 Nxd4 13. Bxd4 c5 14. Bc3 Bf6 15. Qc2 Re8 16. Rfe1 Rc8 17. Rad1 Bxc3 18. Qxc3 {½-½ (58) Nakamura,H (2802)-Giri,A (2773) Stavanger 2015}) 10... f5 11. d3 Bf6 {LiveBook: 16 Games} 12. e3 {White has an edge.} Qd7 13. Ne2 Bd5 $146 ({Predecessor:} 13... Rfd8 14. d4 e4 15. Ne5 Bxe5 16. dxe5 Qe7 17. Qc2 Rd7 {0-1 (60) Ovezova,M (2214)-Vovk,O (2088) Bled 2002}) 14. d4 {[%cal Rd4e5]} Bxf3 15. Bxf3 e4 16. Bg2 Nb4 17. Ba3 a5 18. Qd2 (18. g4 $11) 18... N6d5 $15 19. Nc3 Be7 20. Nxd5 Nxd5 21. Bxe7 Nxe7 22. Rc5 b6 23. Rc2 Nd5 24. Rfc1 Rf6 25. Bf1 c6 26. Bc4 Rd8 (26... g5 $1 $11) 27. b4 $16 a4 28. Rc3 {[%cal Bc2c3,Bc3c5,Bc5e5][%mdl 32]} b5 29. Bxd5+ $1 Qxd5 30. Rc5 Qe6 $1 31. R1c2 h6 32. Qe2 Rd6 33. Re5 Qf7 34. h4 Rfe6 35. Rec5 Rf6 36. Kf1 {[%cal Bg1f1,Bf1e1,Be1d1,Bd1c1,Bc1b2][%mdl 32]} Kh7 37. Ke1 Qd7 38. Kd1 Qf7 39. Kc1 Qd7 40. Kb2 Qf7 41. Ka3 Qd7 42. R2c3 Kh8 43. Re5 Qf7 44. Rcc5 h5 $2 {[#]} (44... Rd8 $14) 45. Qc2 $2 (45. d5 $1 $18 {[%mdl 512]}) 45... Kh7 46. Qc3 Qd7 47. Kb2 Kg6 48. Qd2 Rde6 49. Qc2 Rxe5 50. Rxe5 $14 {[%mdl 4096] Endgame KQR-KQR} Re6 51. Rc5 Rd6 52. Ka3 Kh6 53. Qc3 Kh7 54. Kb2 Qe6 55. Re5 (55. Qc2 $14) 55... Qd7 $11 56. Qc5 Rd5 (56... g6 $11) 57. Re7 $14 Qd6 58. Qxd6 Rxd6 {KR-KR} 59. Kc3 {Strongly threatening Re5.} Kg6 60. Rc7 Kf6 61. d5 Rxd5 62. Rxc6+ Kf7 63. Rc7+ Kf6 64. Rc6+ Kf7 {Precision: White = 49%, Black = 58%.} 1/2-1/2

[Event "11th Mumbai Mayors Cup 2018"]
[Site "Mumbai"]
[Date "2018.06.03"]
[Round "1"]
[White "Ghosh, Diptayan"]
[Black "Tilak, Sharad S"]
[Result "1-0"]
[WhiteElo "2536"]
[BlackElo "2206"]
[Annotator "TA"]
[PlyCount "59"]
[EventDate "2018.??.??"]
[EventType "swiss"]
[EventCountry "IND"]
[SourceTitle "playchess.com"]
[Source "ChessBase"]
[SourceQuality "1"]

{[%evp 27,59,42,85,61,88,93,98,54,61,51,51,58,70,77,65,54,99,97,92,92,111,105,209,210,218,211,211,205,309,314,532,504,573,601]} 1. d4 Nf6 2. c4 g6 3. Nf3 Bg7 4. g3 O-O 5. Bg2 d6 6. O-O Nbd7 7. Nc3 e5 8. e4 c6 9. h3 Re8 10. Be3 exd4 11. Nxd4 Nc5 12. Qc2 a5 13. Rad1 Qe7 14. Rfe1 h5 {LiveBook: 4 Games. E69: King's Indian: Fianchetto: 6...Nbd7 7 0-0 e5 8 e4 c6 9 h3} ({Much weaker is} 14... Nfxe4 15. Nxe4 Nxe4 16. Bxe4 $16) ({Avoid the trap} 14... Ncxe4 $2 15. Bf4 $18) 15. Bg5 Qf8 16. Bf4 Bh6 $146 {White is better.} ({Predecessor:} 16... Rd8 17. Re2 Ne6 18. Nxe6 Bxe6 19. Red2 Bxc4 20. Bxd6 Qe8 21. e5 Nh7 22. Na4 {1-0 (34) Adly,A (2635)-Ahmed,A (2309) Aden 2010}) 17. Qd2 Bxf4 18. Qxf4 Nfd7 {[%cal Bf6d7,Bd7e5,Be5d3][%mdl 32]} 19. Qd2 Ne5 20. b3 a4 21. f4 {[%cal Bf2f4,Bf4f5][%mdl 32]} Ned3 22. Re3 axb3 23. axb3 Nb4 24. Nce2 Nca6 {[#]} (24... Nba6 $16 {was called for.}) 25. f5 $1 $18 Qh6 26. Nf4 g5 {[#]} 27. Nfe2 $1 Qf6 (27... Rd8 $142 28. h4 gxh4 29. gxh4 Kh8) 28. g4 {[%cal Bg3g4,Bg4h5][%mdl 32]} Qe5 $2 (28... hxg4 {keeps fighting.} 29. hxg4 Bd7) 29. gxh5 f6 30. Rg3 {Precision: White = 95%, Black = 35%.} 1-0

[Event "11th Mumbai Mayors Cup 2018"]
[Site "Mumbai"]
[Date "2018.06.03"]
[Round "1"]
[White "Burmakin, Vladimir"]
[Black "Pranavananda, V."]
[Result "1-0"]
[WhiteElo "2528"]
[BlackElo "2183"]
[Annotator "TA"]
[PlyCount "98"]
[EventDate "2018.??.??"]
[EventType "swiss"]
[EventCountry "IND"]
[SourceTitle "playchess.com"]
[Source "ChessBase"]
[SourceQuality "1"]

{[%evp 18,98,7,0,0,0,0,0,5,8,13,0,39,0,0,0,0,-13,-3,-33,-33,-59,-49,-81,-74,-81,-20,-36,5,-49,-35,-56,-38,-42,-35,-47,-43,-50,-38,-47,-47,-47,-48,-51,0,-14,33,15,13,4,41,10,57,60,83,87,113,81,60,32,45,59,135,161,268,235,247,252,254,233,239,210,423,415,402,400,396,393,416,421,952,937,1647]} 1. Nf3 c5 2. b3 b6 3. Bb2 Bb7 4. e3 Nf6 5. Be2 e6 6. O-O {A05: Übergänge in verschiedene Eröffnungen} Be7 7. d4 O-O 8. dxc5 (8. c4 cxd4 9. Nxd4 a6 10. Nc3 d6 11. Bf3 Qc7 12. Rc1 Nbd7 13. Qe2 Rac8 14. Rfd1 Rfd8 15. h3 Bf8 16. g4 Ne5 17. Bxb7 Qxb7 18. f4 Nc6 19. g5 Ne8 20. Qg2 Rd7 21. Nxc6 Qxc6 {½-½ (63) Salgado Lopez,I (2644)-Leko,P (2691) Riadh 2017}) 8... bxc5 9. c4 d5 10. Nc3 {LiveBook: 3 Partien} Nbd7 11. Rc1 Rc8 12. Qc2 Qa5 $146 ({Vorgänger:} 12... Qc7 13. Rfd1 Rfd8 14. cxd5 exd5 15. Qf5 a6 16. Ng5 h6 17. Nf3 {1-0 (68) Rantanen,V (1970)-Peuhu,A (1991) Finland 2016}) 13. Rfd1 Rfd8 14. Qd2 {[%cal Rc3d5] Droht stark Sxd5.} (14. cxd5 {seems wilder.} exd5 15. Qf5 g6 16. Qg5 Bf8 17. Na4) 14... Kf8 (14... Qc7 {with more complications.} 15. cxd5 exd5 16. Qd3 g6 17. Qb5 Rb8) 15. Na4 Qxd2 16. Nxd2 Nb6 {[%cal Bd7b6,Bb6a8,Ba8c7,Bc7e6,Be6f4,Bf4g2][%mdl 32]} 17. Nc3 d4 18. Ncb1 e5 19. Nf1 Na8 20. f3 Nc7 21. Bd3 e4 (21... g6 $17) 22. fxe4 $11 Nxe4 23. Rc2 (23. exd4 $11 cxd4 24. Bxe4 Bxe4 25. Rxd4) 23... Ne6 $15 24. Re2 dxe3 25. Rxe3 Bg5 26. Ree1 $1 Nf4 27. Bxe4 Rxd1 28. Rxd1 Bxe4 29. Be5 Nxg2 {Und weiter mit ...Te8 wäre nett.} 30. Nc3 Ba8 (30... Bf3 $15 31. Rd7 Nh4) 31. Rd7 Nh4 32. Kf2 a6 33. Ra7 Ng6 34. Bd6+ Ke8 35. Rxa6 Bf6 {[#]} 36. Nb5 $1 (36. Nd5 $6 Bd4+ 37. Ke2 Bb7 $11) 36... Bc6 37. Bg3 Kd7 38. Ra7+ Ke6 39. Ne3 Bd8 (39... Be5 $14) 40. Ra6 $36 {[%mdl 2048] [#] Sa7 ist eine echte Drohung. Schwarz muss aufpassen.} f5 (40... Ne7 {war angesagt.} 41. a3 Ra8) 41. Na7 Ra8 42. Rxc6+ Kf7 43. Nxf5 ({Finger weg von} 43. Rxc5 f4 $18) 43... Rxa7 44. a4 ({Und nicht} 44. Rxc5 Bb6 $17) 44... Ke8 $2 (44... Ne7 {war einen Versuch wert.} 45. Nxe7 (45. Rxc5 Bb6 $14) 45... Rxe7) 45. Ke2 $18 Ne7 46. Nd6+ Kd7 47. Rxc5 Nc6 48. Nb5 Rb7 (48... Ra6 $142 49. Rd5+ Ke8) 49. Rd5+ Ke8 {Precision: Weiß = 48%, Schwarz = 36%.} 1-0

[Event "11th Mumbai Mayors Cup 2018"]
[Site "Mumbai"]
[Date "2018.06.03"]
[Round "1"]
[White "Tran, Tuan Minh"]
[Black "Lokesh, N."]
[Result "1-0"]
[WhiteElo "2514"]
[BlackElo "2179"]
[Annotator "TA"]
[PlyCount "55"]
[EventDate "2018.??.??"]
[EventType "swiss"]
[EventCountry "IND"]
[SourceTitle "playchess.com"]
[Source "ChessBase"]
[SourceQuality "1"]

{[%evp 27,55,0,6,7,10,3,11,21,18,20,12,21,45,43,27,47,64,30,115,88,110,72,236,203,271,256,607,603,596,595]} 1. d4 Nf6 2. c4 e6 3. Nc3 d5 4. cxd5 exd5 5. Bg5 Be7 6. e3 c6 7. Bd3 Nbd7 {[%cal Bb8d7,Bd7f8,Bf8e6][%mdl 32]} 8. Nge2 O-O 9. Qc2 Re8 10. O-O Nf8 11. Rad1 g6 12. f3 Ne6 {D36: Queen's Gambit Declined: Exchange Variation: Main line (5 Bg5 c6 6 Qc2)} 13. Bh4 b6 (13... b5 14. Bf2 Bb7 15. Nc1 Rc8 16. Nb3 a6 17. Ne2 c5 18. dxc5 Nxc5 19. Nxc5 Bxc5 20. Qd2 {½-½ (59) Wojtaszek,R (2746)-Buhmann,R (2633) Germany 2016}) 14. Kh1 Bb7 {LiveBook: 11 Games. The position is equal.} 15. a3 Rc8 16. b4 $146 ({Predecessor:} 16. Qc1 a6 17. e4 c5 18. dxc5 d4 19. Bc4 bxc5 20. Bxf6 Bxf6 {0-1 (35) Maiorov,N (2500)-Rogule,L (2314) Tallinn 2017}) 16... c5 {[#] White must now prevent ...c4.} 17. dxc5 bxc5 18. bxc5 Nxc5 19. Bb5 Nfd7 20. Bxe7 Qxe7 21. Nf4 {[%cal Be2f4,Bf4d5,Bd5f6][%mdl 32]} Qxe3 22. Ncxd5 Bxd5 (22... Qe5 $1 $11) 23. Nxd5 $16 Qe5 24. Qf2 {Bxd7 is the strong threat.} a6 $2 (24... Qb8 $16 25. Bxd7 Nxd7) 25. Rfe1 Qg5 26. h4 Qd8 $2 (26... Qf5) 27. Rxe8+ $18 Qxe8 {[#]} 28. Nf6+ $1 {[%mdl 512]} 1-0

[Event "11th Mumbai Mayors Cup 2018"]
[Site "Mumbai"]
[Date "2018.06.03"]
[Round "1"]
[White "Rahman, Ziaur"]
[Black "Koshy, Varugeese"]
[Result "1-0"]
[WhiteElo "2498"]
[BlackElo "2167"]
[Annotator "TA"]
[PlyCount "93"]
[EventDate "2018.??.??"]
[EventType "swiss"]
[EventCountry "IND"]
[SourceTitle "playchess.com"]
[Source "ChessBase"]
[SourceQuality "1"]

{[%evp 12,93,39,41,40,-10,27,8,58,58,62,65,68,42,43,41,65,54,60,56,75,60,58,46,52,48,111,38,27,28,50,35,51,41,31,8,13,0,0,0,0,-45,-55,-87,-86,-89,-90,-94,-66,-105,-100,-108,-91,-104,-114,-104,-84,-84,-85,-207,-197,-230,-198,-203,-125,-132,-128,-98,-77,-67,51,101,175,167,433,433,433,433,433,433,433,0,433,433]} 1. c4 e5 2. Nc3 Nf6 3. Nf3 Nc6 4. e3 Be7 5. a3 O-O 6. Qc2 d6 {A28: English Opening: Four Knights Variation} 7. b4 {LiveBook: 19 Games} Bg4 8. Bd3 $146 ({Predecessor:} 8. Bb2 Qd7 9. Bd3 Kh8 10. h3 Bh5 11. Ne2 a5 12. b5 Nd8 13. Ng3 Bxf3 14. gxf3 {0-1 (59) Hulak,K (2520)-Ruck,R (2485) Porec 1998}) 8... Bh5 {The position is equal.} 9. Bb2 Bg6 10. Bxg6 hxg6 11. O-O Qd7 12. d4 exd4 13. exd4 {[%cal Be3d4,Bd4d5][%mdl 32]} Rae8 14. d5 Nb8 15. Rad1 a5 16. Nb5 axb4 17. axb4 c6 18. Nc3 Na6 (18... Qc8 $14) 19. Qb3 (19. dxc6 $16 bxc6 20. b5 cxb5 21. cxb5) 19... cxd5 $14 20. Nxd5 Nxd5 21. Rxd5 Nc7 22. Rd3 Ne6 23. Be5 {Threatening c5!} Qc6 $1 24. Bg3 Rc8 25. Rc1 Rfd8 26. b5 Qc5 27. h3 {[#]} d5 $1 {[%cal Rd5c4][%mdl 512]} 28. Rdc3 {aiming for cxd5.} (28. cxd5 Qxc1+) 28... d4 29. Rd3 Bf6 30. Qd1 Qb4 31. Rb3 Qe7 32. b6 Nc5 33. Rb5 d3 {Hoping for ...Ne4.} 34. Bc7 Rd7 $1 35. Nd2 (35. Qe1 $17) 35... Bg5 $19 36. f4 Qe3+ 37. Kh1 Bxf4 {[#]} 38. Rxc5 $1 {[%mdl 512] Black must now prevent Qg4.} Qxd2 ({But not} 38... Qxc5 39. Bxf4 Qxb6 40. Qg4 $15) 39. Qxd2 Bxd2 40. Rd1 {[#]} Bc3 (40... Bf4 $1 $15 {[%mdl 512]} 41. Rd5 (41. Bxf4 Rxc5) 41... Rxd5 42. cxd5 Bxc7 43. bxc7 Rxc7 44. Rxd3 Kf8) 41. Rd5 $14 Rxd5 (41... Re7 $16) 42. cxd5 $16 {KRB-KRB} d2 $2 (42... Bf6) 43. d6 $18 Re8 {Threatens to win with ...Re1+.} 44. d7 Re1+ 45. Kh2 Rxd1 46. d8=Q+ Kh7 {[#]} 47. Bf4 $1 {Precision: White = 46%, Black = 53%.} 1-0

[Event "11th Mumbai Mayors Cup 2018"]
[Site "Mumbai"]
[Date "2018.06.03"]
[Round "1"]
[White "Karthik, Venkataraman"]
[Black "Deshpande, Aniruddha"]
[Result "1-0"]
[WhiteElo "2475"]
[BlackElo "2158"]
[Annotator "TA"]
[PlyCount "95"]
[EventDate "2018.??.??"]
[EventType "swiss"]
[EventCountry "IND"]
[SourceTitle "playchess.com"]
[Source "ChessBase"]
[SourceQuality "1"]

{[%evp 12,95,25,15,20,19,9,12,15,8,28,17,26,29,0,16,0,13,25,14,0,-48,-54,-60,-37,-46,-43,-57,-55,-68,-69,-74,-80,-90,-76,-95,-74,-79,-94,-111,-55,-101,-85,-76,-69,-87,-88,-83,-11,-104,0,-42,0,0,0,0,0,0,10,0,0,0,3,0,49,58,516,509,859,684,850,851,826,785,12835,12836,12837,12837,12838,12839,12839,12839,12839,12840,12839,12833]} 1. e4 c5 2. Nf3 Nc6 3. Bb5 g6 4. Bxc6 dxc6 5. d3 Bg7 6. h3 e5 7. Nc3 Qe7 {B31: Sicilian: 2...Nc6 3 Bb5 g6} 8. Be3 Nf6 {[%cal Bg8f6,Bf6d7,Bd7f8,Bf8e6,Be6c5][%mdl 32]} 9. O-O (9. Qd2 h6 10. O-O Nd7 11. Nh2 Nf8 12. f4 exf4 13. Bxf4 Ne6 14. Bg3 Qg5 15. Qe1 Nd4 16. Qf2 O-O 17. Bd6 Bxh3 {1-0 (51) Demchenko,A (2679)-Priasmoro,N (2449) Surakarta 2018}) 9... Nd7 {The position is equal.} 10. a3 Nf8 11. Na4 Ne6 12. b4 {[%cal Ra4c5]} b6 13. bxc5 b5 14. Nb2 $146 ({Predecessor:} 14. Nc3 Nxc5 15. d4 exd4 16. Bxd4 {½-½ (27) Nun,J (2304)-Vlasak,L (2351) Czech Republic 2018}) 14... O-O 15. c4 Nxc5 16. Rc1 Ne6 $1 17. a4 a6 18. Qb3 {[%cal Ra4b5]} Bd7 19. axb5 axb5 20. cxb5 cxb5 21. Qd5 Ra6 22. Ra1 Bc6 23. Qb3 Rfa8 24. Rxa6 Rxa6 25. Rc1 h6 (25... Nd4 $17 26. Nxd4 exd4) 26. Qc3 Bd7 27. Nd1 Qd6 28. Qd2 Kh7 $1 29. Nc3 Bc6 (29... f5 $1 $17 {[%cal Rf5f4] White must now prevent ...f4.} 30. Qe2 Bc6 31. exf5 gxf5) 30. Rb1 {[#]} (30. Na2 $11 {remains equal.} Ba8 31. Nc3) 30... Qd7 ({Black should play} 30... f5 $1 $17 {[%cal Rf5f4] aiming for ...f4.} 31. Qc2 (31. Nxb5 $2 Bxb5 32. Rxb5 f4 $19) 31... Nd4 32. Bxd4 exd4) 31. Na2 (31. Ne1 {feels hotter.} f5 32. f3 Nd4 33. Nc2 Nxc2 34. Qxc2 Bf8 35. Na2) 31... Bxe4 32. dxe4 Qxd2 33. Nxd2 {Threatens to win with Nc3.} Rxa2 34. Rxb5 Nd4 35. Rd5 Rc2 36. Bxd4 Rxd2 $11 {[%mdl 4096] Endgame KRB-KRB} 37. Bc3 Re2 (37... Rxd5 {looks sharper.} 38. exd5 e4 39. Bb4 Bd4 40. Bf8 f5) 38. f3 {Hoping for Bd2.} f6 $2 {[%mdl 8192] [#]} ({Better is} 38... h5 $14) 39. Bd2 $1 $18 {White is clearly winning.} g5 (39... f5 $142 40. Kf1 Rxd2 41. Rxd2 fxe4 42. fxe4 h5) 40. Kf1 Rxd2 41. Rxd2 {KR-KB} h5 42. g4 hxg4 43. hxg4 Kg8 44. Rd7 Bf8 45. Ke2 Ba3 46. Kd3 Kf8 47. Kc4 Ke8 48. Rh7 {Precision: White = 52%, Black = 45%.} 1-0

[Event "11th Mumbai Mayors Cup 2018"]
[Site "Mumbai"]
[Date "2018.06.03"]
[Round "1"]
[White "Raahul, V S"]
[Black "Rozum, Ivan"]
[Result "0-1"]
[WhiteElo "2233"]
[BlackElo "2581"]
[Annotator "TA"]
[PlyCount "98"]
[EventDate "2018.??.??"]
[EventType "swiss"]
[EventCountry "IND"]
[SourceTitle "playchess.com"]
[Source "ChessBase"]
[SourceQuality "1"]

{[%evp 19,98,25,9,-47,-33,-32,-36,-32,-26,-37,45,41,48,-33,-27,-18,-28,-24,-20,-48,-44,-47,-44,-47,-45,-54,0,-62,-78,-124,-111,-124,-125,-173,-167,-156,-142,-206,-207,-209,-200,-200,-161,-160,-143,-157,-164,-155,-181,-198,-123,-114,-123,-177,-120,-235,-127,-289,-283,-337,-327,-341,-323,-504,-479,-482,-377,-357,-379,-335,-346,-397,-381,-323,-295,-370,-351,-927,-863,-4710,-4710]} 1. c4 g6 2. Nc3 Bg7 3. d4 c5 4. d5 Bxc3+ 5. bxc3 f5 6. g3 d6 {A40: Unusual replies to 1 d4} 7. Bg2 Qa5 8. Qb3 Nd7 9. Nf3 Ngf6 10. O-O (10. Nd2 Nb6 11. O-O Bd7 12. Re1 Qa4 13. Bf1 Ne4 14. e3 {½-½ (69) Karjakin,S (2762)-Eljanov,P (2717) Baku 2015}) 10... Nb6 {LiveBook: 15 Games} 11. Ng5 (11. Re1 $11) 11... Qa6 $15 12. Ne6 Bxe6 $1 13. dxe6 Rb8 14. Rb1 Ne4 $146 (14... h6 $15) 15. f3 $14 Nf6 {[%cal Be4f6,Bf6d5,Bd5c7][%mdl 32]} 16. Qb5+ ({White should play} 16. Bh6 $14) 16... Qxb5 $15 17. cxb5 Nfd5 18. Rb3 Nc7 19. Bh3 Nxe6 20. e4 Rf8 21. Re1 Nc7 22. Bg5 {Threatening exf5.} e6 (22... h6 $15 23. Bc1 fxe4 24. Rxe4 c4) 23. exf5 (23. Rd1 $11) 23... gxf5 24. Bf4 Kd7 25. Rd1 Ncd5 26. Bh6 {[#]} Rf6 $1 {[%cal Rf6h6]} 27. Bg5 Rf7 28. Ra3 (28. Kf2 $17) 28... Nc4 $19 29. Rb3 Rg8 30. Bc1 Ne5 31. f4 {[#]} Nc4 $1 32. Bg2 {Hoping for Rxd5.} Nf6 33. Bf1 Nb6 34. Ra3 Nc8 (34... Kc7 $19 35. Re1 Ne4 36. Rxa7 h5) 35. c4 h5 36. Bb2 (36. Be3 $17) 36... h4 (36... Ne4 $19 37. Re3 h4) 37. Bg2 (37. Bxf6 $17 {was called for.} Rxf6 38. Kf2) 37... hxg3 ({Black should try} 37... Ne4 $19 {[%cal Rh4g3]} 38. Bxe4 fxe4) 38. hxg3 $2 (38. Bxf6 $17 gxh2+ 39. Kh1 Rxf6 40. Bxb7) 38... Ne4 39. Bxe4 fxe4 40. Kf2 Nb6 41. Rxa7 (41. Rc3 $142) 41... Kc7 42. Rxd6 Nxc4 43. Rxe6 {Bc3 is the strong threat.} Nxb2 44. b6+ Kb8 45. Rxe4 Rf6 46. Ra3 Rxb6 47. f5 c4 {[%cal Bc5c4,Bc4c3][%mdl 32]} 48. Rf3 $2 {[#]} (48. Kf3) 48... c3 $1 {White must now prevent ...c2.} 49. f6 {[#]} (49. Rxc3 Nd1+) 49... Rxf6 $1 {[%mdl 512] Precision: White = 33%, Black = 71%.} 0-1